| 000 | 00387nam a22001577a 4500 | ||
|---|---|---|---|
| 003 | OSt | ||
| 005 | 20180116182948.0 | ||
| 008 | 131008b xxu||||| |||| 00| 0 eng d | ||
| 040 | _c0 | ||
| 082 |
_24th _a001.42 DEN 2011 |
||
| 100 | _aNorman K. Denzin | ||
| 245 |
_aThe Sage Handbook of Qualitative Research _cNorman K. Denzin |
||
| 260 | _c2011 | ||
| 300 | _a766p. | ||
| 942 |
_2ddc _cBK |
||
| 999 |
_c349403 _d349403 |
||